Nová Bošáca v histórii - 50

Bibliographic Details
Main Author: Kravarčík, Pavel (Author, Compiler)
Format: Book
Language:Slovak
PhysicalDescription:198 s., [16] s. čiast. fareb. obr. príl. fotogr. (prevažne fareb.), mp. 21 cm
Published: Nová Bošáca Obecný úrad 2000
ISBN:8096837079
Subjects:

MARC

LEADER 00000nam a2200000 a 4500
001 vtls001397769
003 SK-MaSNL
005 20260301161800.0
008 240226s2000 xo aba r yy slo
015 |a SNBA2000/12-04293 
020 |a 8096837079 
035 |a SNK000352186 
035 |a urn:nbn:sk:snk-amklu2 
035 |a urn:nbn:sk:snk-am003e1w 
035 |a 27067588-7D20-4F2B-AD55-5F6C277A684D 
040 |a SNK  |b slo  |c SNK  |e AACR2 
041 0 |a slo 
044 |a xo  |c SK 
080 |a 943.762.6-22"1950/2000"  |2 1981 
245 0 0 |a Nová Bošáca v histórii - 50  |c [zostavovateľ publikácie Pavel Kravarčík] 
260 |a Nová Bošáca  |b Obecný úrad  |c 2000 
300 |a 198 s., [16] s. čiast. fareb. obr. príl.  |b fotogr. (prevažne fareb.), mp.  |c 21 cm 
500 |a Údaj o zost. prevzatý z rubu tit. strany 
504 |a Bibliogr. odkazy 
655 7 |a jubilejné publikácie  |2 SNK  |9 70339 
700 1 |a Kravarčík, Pavel  |4 com  |4 aut  |9 411582 
919 |a 80-968370-7-9 
958 |a TL 
958 |a NB 
999 |c 810779  |d 812709 
952 |t P60, <03>, [BOOK], {603}  |a SNK  |b SNK  |y PREZ  |7 0  |p 17A0253694  |o snkSC 102897  |i snkKSP 10548/2000  |0 0  |1 0  |4 0  |d 2000-10-11  |f 1  |l 0  |r 2025-09-24 00:00:00  |w 2026-02-24 
952 |t P60, <04>, [BOOK], {604}  |a SNK  |b SNK  |y VYP  |7 0  |p 17A0253705  |o snkSC 102897 D1  |i snkKSP 10549/2000  |0 0  |1 0  |4 0  |d 2000-10-11  |l 0  |r 2005-01-02 00:00:00  |w 2026-02-24